Statistiche per Cibo-parole in diverse lingue romanze

Clicka qui per fare il quiz!

Statistiche generali

  • Questo quiz è stato fatto 220 volte
    (218 dall'ultimo reset)
  • Il punteggio medio è 17 su 66

Statistiche sulle risposte

HintRisposta% Corretto
PaneCatalanoPa
98%
AcquaFrEau
71%
AcquaPoÁgua
70%
AcquaSpAgua
70%
PaneFrancesePain
66%
LatteSpLeche
63%
LatteFrLait
62%
MelaFrPomme
62%
ZuccherareCatSucre
56%
ZuccheroFrSucre
56%
PatataSpPapa
54%
BirraSpCerveza
53%
PatataFrPatate
53%
AcquaLatAqua
51%
PatataCatPatata
47%
PatataLatPatata
47%
ZuccheroSpAzúcar
44%
BurroFrBeurre
44%
GelatoSpHelado
44%
RisoPoArroz
43%
RisoSpArroz
43%
RisoFrRiz
43%
MelaSpManzana
42%
BirraFrBière
41%
BurroSpMantequilla
36%
GelatoFrCrème glacée
35%
GelatoCatGelat
31%
PaneLatinoPanis
26%
CavoloFrChou
22%
LateLatLac
18%
LattePoLeite
16%
GelatoPoGelado
15%
PanePortoghesePão
15%
MelaCatPoma
13%
ZuccheroPoAçucar
10%
BirraPoCerveja
10%
PatataPoBatata
9%
AcquaRuApă
8%
MelaPoMaçã
8%
MelaLatMālum
7%
PaneRumenoPâine
7%
BirraRuBere
6%
BirraCatCervesa
6%
CavoloCatCol
6%
LatteRuLapte
6%
BurroPoManteiga
6%
PatataRuCartof
5%
MelaRuMăr
5%
CavoloSpRepollo
5%
BurroRuUnt
5%
AcqueCatAigua
4%
RisoCatArròs
4%
PanSpagnoloEmpanar
4%
BurroCatMantega
4%
RisoRuOrez
4%
ZuccheroRuZahăr
4%
GelatoRuInghetata
3%
BurroLatButyrum
2%
LatteCatLlet
2%
RisoLatOryza
2%
CavoloRuVarză
2%
BirraLatCervisia
1%
CavoloPoCouva
0%
CavoloLatCȳma
0%
GelatoLatGlacies crepito
0%
ZuccheroLatSāccharum
0%

Distribuzione punteggi

Percentile per numero di risposta

Percentuale di utenti per punteggio

I tuoi punteggi nel tempo

Non hai fatto questo quiz dall'ultimo reset